000 00755nam a22002177a 4500
999 _c7810
_d7810
003 AR-CdUCM
008 190321b ||||| |||| 00| 0 spa d
040 _aMUNICIPALIDAD PROVINCIAL DEL CUSCO
_cBIBLIOTECA MUNICIPAL DEL CUSCO
082 _a515.21 /
_bR67
100 _aRiu, Agustin
_922079
245 _aGeometría y Trigonometría Industrial /
260 _aBuenos Aires :
_bBajel S. A. ;
_c1948.
300 _a108 páginas ;
_bFórmulas, diagramas, ilustraciones
_c20cm
440 _aMatemática Práctica de Taller
_922080
505 _aContenido: Geometría industrial -- Trigonometría industrial
650 _aGeometría
_919405
650 _aTrigonometría
_922081
650 _aIndustrial
_911684
942 _2ddc
_cLIBROS
945 _anom